| 000 | 00784nam a2200229Ia 4500 | ||
|---|---|---|---|
| 999 |
_c65175 _d65175 |
||
| 005 | 20240530110811.0 | ||
| 008 | 140319s2007 jo a b 000 0 ara d | ||
| 017 |
_a2006/4/772 _bعمان . دائرة المكتبة الوطنية |
||
| 040 |
_aGCL / _cGCL |
||
| 082 | 0 | 4 |
_221 _a745.5 / _bع م |
| 100 | 0 | _aعبيد الصالح | |
| 245 | 1 | 0 |
_aمهارات الاعمال اليدوية / _cتأليف عبيد الصالح |
| 250 | _aط.1 | ||
| 260 |
_aعمان : _bدار اسامة للنشر والتوزيع، _c2006 |
||
| 300 |
_a240 ص. : _bايض. ؛ _c24 سم. |
||
| 650 | 0 | 7 |
_aالتطريز _2qrmak |
| 650 | 0 | 7 | _aالخياطة |
| 650 | 0 | 7 |
_aاشغال الخرز _2qrmak |
| 651 | _2qrmak | ||
| 942 |
_2ddc _cBK |
||